LEADER 03792nam 22007335 450 001 996466516403316 005 20200704153918.0 010 $a1-280-39167-7 010 $a9786613569592 010 $a3-642-11339-7 024 7 $a10.1007/978-3-642-11339-0 035 $a(CKB)2670000000010111 035 $a(SSID)ssj0000450004 035 $a(PQKBManifestationID)11311251 035 $a(PQKBTitleCode)TC0000450004 035 $a(PQKBWorkID)10434053 035 $a(PQKB)10748936 035 $a(DE-He213)978-3-642-11339-0 035 $a(MiAaPQ)EBC3065088 035 $a(PPN)149078625 035 $a(EXLCZ)992670000000010111 100 $a20100715d2010 u| 0 101 0 $aeng 135 $aurnn|008mamaa 181 $ctxt 182 $cc 183 $acr 200 10$aNonlinear Optimization$b[electronic resource] $eLectures given at the C.I.M.E. Summer School held in Cetraro, Italy, July 1-7, 2007 /$fby Immanuel M. Bomze, Vladimir F. Demyanov, Roger Fletcher, Tamás Terlaky ; edited by Gianni Di Pillo, Fabio Schoen 205 $a1st ed. 2010. 210 1$aBerlin, Heidelberg :$cSpringer Berlin Heidelberg :$cImprint: Springer,$d2010. 215 $a1 online resource (XIII, 279 p.) 225 1 $aC.I.M.E. Foundation Subseries ;$v1989 300 $aBibliographic Level Mode of Issuance: Monograph 311 $a3-642-11338-9 320 $aIncludes bibliographical references. 327 $aGlobal Optimization: A Quadratic Programming Perspective -- Nonsmooth Optimization -- The Sequential Quadratic Programming Method -- Interior Point Methods for Nonlinear Optimization. 330 $aThis volume presents recent advances in continuous optimization; it is authored by four well-known experts in the field and presents classical as well as advanced material on currently active research areas, such as: the family of Sequential Quadratic Programming methods for local constrained optimization, the study of Global Optimization by means of (non-convex) standard quadratic problems, Nonsmooth Optimization, and recent advances in Interior Point Methods for nonlinear optimization. The book is intended as a reference work for advanced research in the field of optimization theory and methods. 410 0$aC.I.M.E. Foundation Subseries ;$v1989 606 $aComputer mathematics 606 $aOperations research 606 $aManagement science 606 $aMathematical optimization 606 $aComputational Mathematics and Numerical Analysis$3https://scigraph.springernature.com/ontologies/product-market-codes/M1400X 606 $aOperations Research, Management Science$3https://scigraph.springernature.com/ontologies/product-market-codes/M26024 606 $aOptimization$3https://scigraph.springernature.com/ontologies/product-market-codes/M26008 615 0$aComputer mathematics. 615 0$aOperations research. 615 0$aManagement science. 615 0$aMathematical optimization. 615 14$aComputational Mathematics and Numerical Analysis. 615 24$aOperations Research, Management Science. 615 24$aOptimization. 676 $a518 700 $aBomze$b Immanuel M$4aut$4http://id.loc.gov/vocabulary/relators/aut$059345 702 $aDemyanov$b Vladimir F$4aut$4http://id.loc.gov/vocabulary/relators/aut 702 $aFletcher$b Roger$4aut$4http://id.loc.gov/vocabulary/relators/aut 702 $aTerlaky$b Tamás$4aut$4http://id.loc.gov/vocabulary/relators/aut 702 $aDi Pillo$b Gianni$4edt$4http://id.loc.gov/vocabulary/relators/edt 702 $aSchoen$b Fabio$4edt$4http://id.loc.gov/vocabulary/relators/edt 712 12$aC.I.M.E. Summer School 906 $aBOOK 912 $a996466516403316 996 $aNonlinear optimization$9261778 997 $aUNISA LEADER 03810nam 2200577Ia 450 001 9910963005203321 005 20200520144314.0 010 $a1-4384-1315-7 035 $a(CKB)2670000000233839 035 $a(EBL)3408149 035 $a(SSID)ssj0000153854 035 $a(PQKBManifestationID)11163852 035 $a(PQKBTitleCode)TC0000153854 035 $a(PQKBWorkID)10407503 035 $a(PQKB)10206912 035 $a(MiAaPQ)EBC3408149 035 $a(BIP)76147410 035 $a(BIP)548933 035 $a(EXLCZ)992670000000233839 100 $a19840727d1985 ub 0 101 0 $aeng 135 $aur|n|---||||| 181 $ctxt$2rdacontent 182 $cc$2rdamedia 183 $acr$2rdacarrier 200 10$aFear of fiction $enarrative strategies in the works of Isaac Bashevis Singer /$fDavid Neal Miller 205 $a1st ed. 210 $aAlbany $cState University of New York Press$dc1985 215 $a1 online resource (x, 173 pages) 225 0$aSUNY series in modern Jewish literature and culture 300 $aDescription based upon print version of record. 311 0 $a0-88706-009-9 320 $aIncludes bibliographical references (p. 155-167) and index. 327 $a""Front Matter""; ""Half Title Page""; ""Title Page""; ""Copyright Page""; ""Dedication Page""; ""Table of Contents""; ""Preface""; ""Content""; ""Fiction as Reportage, I: Examples from the Early Works""; ""Reportage as Fiction, I: Singer's Pseudonymous Personas""; ""Fiction as Reportage, II: Recurrent Narrative Situations in the Later Works""; ""Reportage as Fiction, II: The Interview as Fictional Genre""; ""Coda""; ""Back Matter""; ""Notes""; ""Bibliography""; ""Index"" 330 $aDavid Neal Miller's Fear of Fiction is the first book-length study that begins with the understanding that Singer is truly a Yiddish writer in language and culture. With the exception of a handful of articles, American critical examination of Isaac Bashevis Singer's work has been devoted to Singer's work in English--to those pieces he himself has selected for translation. This American Nobel laureate is part of a long tradition of Yiddish literature, and he still writes in that language. Working exclusively with Singer's Yiddish texts--many of the pieces discussed here are not available in English--Miller examines Singer's narrative strategies, his blurring of the distinctions between fiction and reportage. Fear of Fiction captures an intriguing paradox of Singer's writing: Singer fictionalizes the factual and historicizes the imaginative. Miller demonstrates that Singer is no "inspired innocent," but that this blending of genres is the work of a craftsman who uses genre to mediate between the world and the imagination. The book is enriched by Miller's careful and sensitive translations of many illustrative Yiddish passages. Fear of Fiction is both erudite and entertaining. Miller not only examines Singer's skillful undermining of our expectations of different genres, but also draws the reader into Singer's work as a whole. This book will fascinate both the scholar and the sophisticated reader of Singer. David Neal Miller is Assistant Professor and Coordinator of Yiddish Studies at the Ohio State University. 410 0$aSUNY Series in Modern Jewish Literature and Culture 606 $aNarration (Rhetoric)$xHistory$y20th century 606 $aJews in literature 606 $aFiction$xTechnique 615 0$aNarration (Rhetoric)$xHistory 615 0$aJews in literature. 615 0$aFiction$xTechnique. 676 $a839/.0933 700 $aMiller$b David Neal$01872086 801 0$bMiAaPQ 801 1$bMiAaPQ 801 2$bMiAaPQ 906 $aBOOK 912 $a9910963005203321 996 $aFear of fiction$94481135 997 $aUNINA